000 00662nam a2200205Ia 4500
005 20260121110345.0
008 008 260114s9999 xx 000 0 hin d
020 _a9788132367062
037 _aEBOOK
040 _aCRL
_bhin
_cCRL
041 _ahin
_2hin
084 _qCRL
100 _aअनुपम पाटिल / Sonu Bhatnagar
_9945175
245 0 _aयोगा का संपूर्ण परिचय / Yoga ka sampoorna parichay
260 _bभाषा प्रकाशन / Bhasha Prakashan
_c2021
856 _uhttps://bhashaprakashan.com/product-details/379563
942 _cEBOOK
999 _c1536839
_d1536839